Départements Limitrophes du Tarn - Statistiques

Statistiques générales
  • Ce quiz a été pris 76 fois
  • Le résultat moyen est 5 sur 5
Statistiques - réponses
Départements % Correct
Haute-Garonne
100%
Tarn-et-Garonne
100%
Aveyron
99%
Hérault
93%
Aude
92%
Aucun quiz correspondant
Distribution des résultats
% des personnes avec chaque résultat
Percentile par nombre de réponses
Votre historique - résultats
Vous n’avez pas pris ce quiz